000 00364 a2200157 4500
001 61847
020 _a8532259073
040 _cAnchieta - Pituba
100 _aFossa, Armando Pedro
240 1 0 _aO tesouro da montanha de pedra
_lpor
245 1 0 _aO tesouro da montanha de pedra
300 _a71
362 0 _a2006
650 4 _aLiteratura juvenil
942 _cBK
999 _c61847
_d61847